Mientras los demás viven /
Guardado en:
| Autor Principal: | |
|---|---|
| Formato: | Libro |
| Publicado: |
Buenos Aires :
Sudamericana,
1958
|
| Series: | Colección Novelistas hispanoamericanos
|
| Materias: | |
| Etiquetas: |
Agregar Etiqueta
Sin Etiquetas, Sea el primero en etiquetar este registro!
|
| LEADER | 00601nam a22002055a 4500 | ||
|---|---|---|---|
| 001 | CEM.cems013431 | ||
| 005 | 20101029102402.0 | ||
| 008 | 130507s1958##################000#0#####d | ||
| 003 | CEMS | ||
| 082 | 0 | 4 | |a A863.4 |
| 100 | 1 | |a Bullrich, Silvina | |
| 245 | 1 | 0 | |a Mientras los demás viven / |c Silvina Bullrich |
| 260 | |a Buenos Aires : |b Sudamericana, |c 1958 | ||
| 300 | |a 115 p. | ||
| 490 | 0 | |a Colección Novelistas hispanoamericanos | |
| 653 | |a Literatura | ||
| 653 | |a Literatura argentina | ||
| 653 | |a Novelas | ||
| 653 | |a Novela argentina | ||
| 859 | |a CEMS |b BIB. CEMS - 11 de abril |h A863.4 |i B876-4 |p 26048.10 |t Ej.1 | ||
